Čiastkový návrh smernice pre testovanie veľkých softvérových systémov

Gespeichert in:
Bibliographische Detailangaben
1. Verfasser: Ormandy, Tomáš, 1986- (Verfasst von)
Weitere Verfasser: Tanuška, Pavol, 1966- (Betreuung Doktorarbeit)
Format: Manuskript Buch
Sprache:Slowakisch
Veröffentlicht: STU v Bratislave MTF UIAM, 2010
Schlagworte:
Online-Zugang:VAIS
Tags: Tag hinzufügen
Keine Tags, Fügen Sie das erste Tag hinzu!

MARC

LEADER 00000ntm a22000003a 4500
001 stu207508
005 20160719160315.3
008 100715s2010------------------------slo-d
040 |a STU  |b slo 
041 0 |a slo 
100 1 |a Ormandy, Tomáš,  |d 1986-  |4 aut  |X 60142  |7 A000060142 
242 0 0 |a Partial suggestion directive for testing of big software systems.  |y eng 
245 1 |a Čiastkový návrh smernice pre testovanie veľkých softvérových systémov 
260 |b STU v Bratislave MTF UIAM,  |c 2010 
650 7 |a UML  |2 stusub 
650 7 |a UML  |2 stusub 
650 7 |a testovanie  |2 stusub 
650 7 |a testing  |2 estusub 
650 7 |a aplikácia  |2 stusub 
700 1 |a Tanuška, Pavol,  |d 1966-  |4 ths  |u M6000  |U MTF Materiálovotechnologická fakulta  |T MTF Ústav aplikovanej informatiky, automatizácie a matematiky  |X 248  |U M6000  |Y 86  |7 A000000248 
856 4 |a info a plný text  |u http://is.stuba.sk/zp/portal_zp.pl?podrobnosti=75043  |3 VAIS 
996 |c M*DP-9233  |l MMSKP  |s P  |a 0  |w stu207508_0001